L’inentendu. Ce qui se joue dans la relation soignant-soigné, Philippe van Meerbeeck et Jean-Pierre Jacques, De Boeck, coll. « Oxalis », 2009, par Alex LEFÈBVRE (notice n° 1581983)

détails MARC
000 -LEADER
fixed length control field 02796cam a2200193 4500500
005 - DATE AND TIME OF LATEST TRANSACTION
control field 20251228051634.0
041 ## - LANGUAGE CODE
Language code of text/sound track or separate title fre
042 ## - AUTHENTICATION CODE
Authentication code dc
100 10 - MAIN ENTRY--PERSONAL NAME
Personal name Jacques, Alexia
Relator term author
245 00 - TITLE STATEMENT
Title L’inentendu. Ce qui se joue dans la relation soignant-soigné, Philippe van Meerbeeck et Jean-Pierre Jacques, De Boeck, coll. « Oxalis », 2009, par Alex LEFÈBVRE
260 ## - PUBLICATION, DISTRIBUTION, ETC.
Date of publication, distribution, etc. 2009.<br/>
500 ## - GENERAL NOTE
General note 4
520 ## - SUMMARY, ETC.
Summary, etc. Résumé L’adolescence, passage obligé, est une étape de la vie qui n’est pas toujours facile à vivre. Elle nécessite certains réaménagements et remaniements psychiques, identitaires et sexuels, confrontant l’adolescent à de nouvelles réalités. Une telle transition, un tel exil, peut rendre l’adolescent d’autant plus vulnérable lorsque son environnement ne lui offre pas de cadre contenant, soutenant. Dans cette étude, nous nous concentrerons sur des Palestiniens qui ont vécu une adolescence brutale au cœur des atrocités de la guerre et qui ont enduré l’exil dans des camps de réfugiés en Jordanie. Nous nous sommes principalement intéressés aux mécanismes de survie développés dans un tel contexte chaotique, notamment la loyauté et l’espoir du retour. Par cela, nous entendons la loyauté éternelle à la cause palestinienne et l’espoir fervent qu’un jour ils retourneront dans leur pays. Cette loyauté forge des liens d’appartenance tellement forts au sein de la communauté palestinienne que, parfois, peu d’espace subsiste pour vivre l’autonomisation et ses enjeux propres à la période adolescentaire.
520 ## - SUMMARY, ETC.
Summary, etc. Adolescence in exile, exile of adolescence Adolescence is a difficult and unavoidable stage of life. It demands serious psychic adjustments of identity and sexuality, confronting the adolescent with new realities. Such a sensitive transition can make the adolescent even more vulnerable when their environment offers no support system. In this study we would like to focus on Palestinians who have experienced a brutal adolescence in the atrocities of war and endured exile in Jordanian refugee camps. We are especially interested in the survival mechanisms developed in such a chaotic context, namely loyalty and the hope of return. By this we mean undying loyalty to the Palestinian cause and the fervent hope of one day returning to their homeland. This loyalty forges such strong belonging ties in the Palestinian community that there is no room left for the developmental tasks of adolescence.
700 10 - ADDED ENTRY--PERSONAL NAME
Personal name Lamjahdi, Soumaya
Relator term author
700 10 - ADDED ENTRY--PERSONAL NAME
Personal name Lefebvre, Alex
Relator term author
786 0# - DATA SOURCE ENTRY
Note Cahiers de psychologie clinique | 33 | 2 | 2009-10-09 | p. 201c-215c | 1370-074X
856 41 - ELECTRONIC LOCATION AND ACCESS
Uniform Resource Identifier <a href="https://shs.cairn.info/revue-cahiers-de-psychologie-clinique-2009-2-page-201c?lang=fr&redirect-ssocas=7080">https://shs.cairn.info/revue-cahiers-de-psychologie-clinique-2009-2-page-201c?lang=fr&redirect-ssocas=7080</a>

Pas d'exemplaire disponible.

PLUDOC

PLUDOC est la plateforme unique et centralisée de gestion des bibliothèques physiques et numériques de Guinée administré par le CEDUST. Elle est la plus grande base de données de ressources documentaires pour les Étudiants, Enseignants chercheurs et Chercheurs de Guinée.

Adresse

627 919 101/664 919 101

25 boulevard du commerce
Kaloum, Conakry, Guinée

Réseaux sociaux

Powered by Netsen Group @ 2025